[Event "Hull 4NCL op-B"]
[Site "Hull"]
[Date "2023.09.10"]
[Round "5"]
[White "Webb, Nicholas"]
[Black "Jones, Paul W"]
[Result "1-0"]
[WhiteElo "1627"]
[BlackElo "1686"]
[PlyCount "69"]
[EventDate "2023.09.08"]
[EventType "swiss"]
[EventRounds "5"]
[EventCountry "ENG"]
[SourceTitle "CBM 216 Extra"]
[Source "ChessBase"]
[SourceDate "2023.11.30"]
[SourceVersion "1"]
[SourceVersionDate "2023.11.30"]
[SourceQuality "1"]

1. Nf3 f5 2. d4 Nf6 3. Bg5 d6 4. c4 c6 5. Bxf6 exf6 6. Nc3 g6 7. e3 Bg7 8. Be2 0-0 9. h4 Qb6 10. Qc2 Be6 11. h5 g5 12. h6 Bh8 13. Rd1 Qa5 14. Kf1 d5 15. c5 Nd7 16. a3 b6 17. g3 bxc5 18. dxc5 Qxc5 19. Nd4 Qd6 20. Nxf5 Bxf5 21. Qxf5 Rae8 22. Bd3 Rf7 23. Kg2 Re5 24. Qg4 Kf8 25. e4 d4 26. Bc4 Rfe7 27. b4 Qc7 28. Rxd4 Nb6 29. Bb3 c5 30. Nb5 Qc6 31. Rd8+ Re8 32. Rxe8+ Rxe8 33. Nc3 c4 34. Bc2 Nd7 35. Ba4 1-0